Lanean...
Getting agricultural moving essential for development and modernization
| Egile nagusia: | |
|---|---|
| Formatua: | Printed Book |
| Hizkuntza: | Undetermined English |
| Argitaratua: |
New York
Frederick a Praeger Publisher
1966
|
| Gaiak: |
| LEADER | 00611nam a2200169Ia 4500 | ||
|---|---|---|---|
| 008 | 140306s9999 xx 000 0 und d | ||
| 041 | |a eng | ||
| 082 | |a 302.2 |b MOS/GE | ||
| 100 | |a Mosher, A T | ||
| 245 | |a Getting agricultural moving essential for development and modernization | ||
| 260 | |a New York |b Frederick a Praeger Publisher |c 1966 | ||
| 650 | |a Farm Busines | ||
| 650 | |a Production credit | ||
| 650 | |a Rural development | ||
| 942 | |2 ddc |c BK | ||
| 999 | |c 119431 |d 119431 | ||
| 952 | |0 0 |1 0 |2 ddc |4 0 |6 302_200000000000000_MOSGE |7 0 |9 118558 |a KAUHCV |b KAUHCV |d 2004-05-05 |o 302.2 MOS/GE |p KAU_HCV-19881 |r 2014-03-22 |w 2014-03-22 |y BK | ||